Census of the republic of Cuba 1919.

Bibliographic Details
Corporate Author: Cuba. Direccion General del Censo
Other Authors: Betancourt, Ángel C., 1862-1925
Format: Book
Language:English
Published: Havana : Maza, Arroyo y Caso, s. en c., printers, [1920?]
Subjects:

MARC

Tag First Indicator Second Indicator Subfields
LEADER 00000cam a2200000 4500
001 in00000059491
005 20151007082456.0
008 731005s1920 eng u
010 |a  22021080  
035 |a (OCoLC)00709939 
035 |9 AAF7934AM 
040 |c OUN  |d OCL  |d TXA  |d UtOrBLW 
049 |a TXAM  |c [18877] 
050 0 |a HA872.1919  |b .A525 
092 |a 317.291  |b C926c, 1919 
110 1 |a Cuba.  |b Direccion General del Censo. 
245 1 0 |a Census of the republic of Cuba 1919. 
264 1 |a Havana :  |b Maza, Arroyo y Caso, s. en c., printers,  |c [1920?] 
300 |a xii, 968 pages :  |b including tables. frontispiece, portraits, plates, diagrams, charts. ;  |c 25 cm. 
336 |a text  |b txt  |2 rdacontent 
337 |a unmediated  |b n  |2 rdamedia 
338 |a volume  |b nc  |2 rdacarrier 
500 |a Most plates and all diagrams printed on both sides. 
500 |a Published also in Spanish. 
500 |a Angel C. Betancourt y Miranda, director general. 
651 0 |a Cuba  |x Census, 1919. 
700 1 |a Betancourt, Ángel C.,  |d 1862-1925. 
999 |a MARS 
999 f f |s df28ab21-4b7f-364d-8ce7-464e527a3d79  |i d87faeb3-cf80-3b2c-9f94-4da33d837fb2  |t 0 
952 f f |p ric  |a Texas A&M University  |b Rellis Campus  |c Joint Library Facility  |d Remote Storage  |t 0  |e HA872.1919 .A525  |h Library of Congress classification  |i unmediated -- volume  |m A14800655852 
998 f f |a HA872.1919 .A525  |t 0  |l Remote Storage